[Event "RUS-chT 05th"]
[Site "Maikop"]
[Date "1998.06.07"]
[Round "5"]
[White "Bratchenko, Alexander"]
[Black "Igudesman, Konstantin"]
[Result "1/2-1/2"]
[WhiteElo "2355"]
[BlackElo "2370"]
[PlyCount "27"]
[EventDate "1998.06.03"]
[EventType "team-tourn"]
[EventRounds "11"]
[EventCountry "RUS"]
[SourceTitle "EXT 2020"]
[Source "ChessBase"]
[SourceDate "2019.10.17"]
[SourceVersion "1"]
[SourceVersionDate "2019.10.17"]
[SourceQuality "1"]
[WhiteTeam "Cherepovets Severstal"]
[BlackTeam "Kazan Sberbank-Tatarstan"]
[WhiteTeamCountry "RUS"]
[BlackTeamCountry "RUS"]

1. d4 f5 2. g3 Nf6 3. Bg2 e6 4. Nf3 d5 5. 0-0 Bd6 6. c4 c6 7. b3 Qe7 8. Bb2 b6 9. Ne5 Bb7 10. Nd2 0-0 11. e3 a5 12. a3 Ne4 13. f4 Nxd2 14. Qxd2 1/2-1/2

[Event "RUS-ch sf"]
[Site "Kstovo"]
[Date "1998.??.??"]
[Round "6"]
[White "Igudesman, Konstantin"]
[Black "Rudakov, Evgenij"]
[Result "1-0"]
[WhiteElo "2370"]
[BlackElo "2190"]
[PlyCount "45"]
[EventDate "1998.??.??"]
[EventType "swiss"]
[EventRounds "9"]
[EventCountry "RUS"]
[SourceTitle "EXT 2000"]
[Source "ChessBase"]
[SourceDate "1999.11.16"]
[SourceVersion "1"]
[SourceVersionDate "1999.11.16"]
[SourceQuality "1"]

1. e4 d6 2. d4 g6 3. Nc3 Bg7 4. Be3 Nf6 5. h3 c6 6. g4 b5 7. Bg2 b4 8. Nce2 0-0 9. Qd2 Qb6 10. Bh6 Bxh6 11. Qxh6 e5 12. dxe5 dxe5 13. Ng3 Qc5 14. Nf3 Nbd7 15. 0-0 Qxc2 16. Rac1 Qa4 17. Rfd1 Ne8 18. Rxd7 Bxd7 19. Ng5 Nf6 20. Nh5 gxh5 21. Qxf6 Qxa2 22. Bf1 Be6 23. Qh6 1-0

[Event "Pardubice Czech op"]
[Site "Pardubice"]
[Date "1998.??.??"]
[Round "8"]
[White "Igudesman, Konstantin"]
[Black "Vanek, Petr"]
[Result "1-0"]
[WhiteElo "2370"]
[BlackElo "2210"]
[PlyCount "97"]
[EventDate "1998.07.??"]
[EventType "swiss"]
[EventRounds "9"]
[EventCountry "CZE"]
[SourceTitle "EXT 2000"]
[Source "ChessBase"]
[SourceDate "1999.11.16"]
[SourceVersion "1"]
[SourceVersionDate "1999.11.16"]
[SourceQuality "1"]

1. e4 e6 2. d4 d5 3. Nc3 Bb4 4. e5 c5 5. Bd2 Ne7 6. a3 Ba5 7. dxc5 Bc7 8. f4 Nbc6 9. Bd3 0-0 10. Qh5 Nf5 11. Nf3 f6 12. exf6 Qxf6 13. 0-0-0 g6 14. Qg5 Nfd4 15. Qxf6 Rxf6 16. Nxd4 Nxd4 17. g3 Bd7 18. Ne2 Nxe2+ 19. Bxe2 Bc6 20. Rhe1 e5 21. Bc3 Re8 22. Bxe5 Bxe5 23. fxe5 Rxe5 24. Bd3 Rxe1 25. Rxe1 d4 26. Kd2 Rf3 27. Re2 Kf7 28. Be4 Bxe4 29. Rxe4 Rf2+ 30. Re2 Rf3 31. Ke1 d3 32. cxd3 Rxd3 33. Rd2 Rb3 34. Kd1 Ke6 35. Kc2 Rf3 36. Kb1 h5 37. Rd6+ Kf5 38. Rd7 Rf1+ 39. Ka2 Rc1 40. Rxb7 Rxc5 41. Rxa7 Rc2 42. a4 Rxh2 43. a5 Kg4 44. a6 Rf2 45. Rb7 Rf6 46. a7 Ra6+ 47. Kb1 Kxg3 48. Rb3+ Kg2 49. Ra3 1-0

[Event "RUS-ch sf"]
[Site "Kstovo"]
[Date "1998.??.??"]
[Round "7"]
[White "Voitsekhovsky, Stanislav"]
[Black "Igudesman, Konstantin"]
[Result "1-0"]
[WhiteElo "2540"]
[BlackElo "2370"]
[PlyCount "71"]
[EventDate "1998.??.??"]
[EventType "swiss"]
[EventRounds "9"]
[EventCountry "RUS"]
[SourceTitle "EXT 2000"]
[Source "ChessBase"]
[SourceDate "1999.11.16"]
[SourceVersion "1"]
[SourceVersionDate "1999.11.16"]
[SourceQuality "1"]

1. e4 e5 2. Nf3 Nc6 3. d4 exd4 4. Nxd4 Nf6 5. Nxc6 bxc6 6. e5 Qe7 7. Qe2 Nd5 8. c4 Ba6 9. g3 g6 10. b3 Bg7 11. Bb2 0-0 12. Bg2 Rae8 13. 0-0 Bxe5 14. Qxe5 Qxe5 15. Bxe5 Rxe5 16. cxd5 Bxf1 17. Kxf1 cxd5 18. Nc3 c6 19. Na4 Rb8 20. Rc1 Rb4 21. Nc5 Re7 22. Bf3 Kg7 23. Be2 h6 24. Rc2 Rd4 25. a3 d6 26. Na6 Rb7 27. b4 Rb6 28. a4 Rc4 29. Bxc4 dxc4 30. b5 cxb5 31. axb5 d5 32. Nc7 Rb7 33. Nxd5 Rxb5 34. Ne3 Rc5 35. Nxc4 a5 36. Ke2 1-0

[Event "Minsk op"]
[Site "Minsk"]
[Date "1997.??.??"]
[Round "5"]
[White "Shcherbakov, Ruslan"]
[Black "Igudesman, Konstantin"]
[Result "1-0"]
[WhiteElo "2580"]
[BlackElo "2425"]
[PlyCount "61"]
[EventDate "1997.??.??"]
[EventType "swiss"]
[EventRounds "9"]
[EventCountry "BLR"]
[SourceTitle "EXT 2000"]
[Source "ChessBase"]
[SourceDate "1999.11.16"]
[SourceVersion "1"]
[SourceVersionDate "1999.11.16"]
[SourceQuality "1"]

1. d4 f5 2. c4 Nf6 3. Nc3 e6 4. Qc2 Bb4 5. e3 b6 6. Bd3 Bb7 7. f3 0-0 8. Nge2 d6 9. Bd2 Nbd7 10. a3 Bxc3 11. Bxc3 Qe7 12. 0-0 Nh5 13. Nf4 Qg5 14. Qd2 Rae8 15. Bc2 Ndf6 16. Nd3 Nd7 17. Rae1 Rf6 18. d5 Rh6 19. Nf4 Nxf4 20. exf4 Qh5 21. h3 Qf7 22. b4 Rf8 23. dxe6 Rxe6 24. Bb3 Rxe1 25. Rxe1 Kh8 26. Qd3 Qg6 27. Re7 Rf7 28. Qe3 h6 29. Re6 Nf6 30. c5 dxc5 31. Bxf6 1-0

[Event "RUS-chT 04th"]
[Site "Azov"]
[Date "1996.??.??"]
[Round "2"]
[White "Igudesman, Konstantin"]
[Black "Ibragimov, Ildar"]
[Result "0-1"]
[WhiteElo "2425"]
[BlackElo "2545"]
[PlyCount "116"]
[EventDate "1996.??.??"]
[EventType "team-tourn"]
[EventRounds "7"]
[EventCountry "RUS"]
[SourceTitle "EXT 2020"]
[Source "ChessBase"]
[SourceDate "2019.10.17"]
[SourceVersion "1"]
[SourceVersionDate "2019.10.17"]
[SourceQuality "1"]
[WhiteTeam "Kazan Sberbank-Tatarstan II"]
[BlackTeam "Kazan Sberbank-Tatarstan"]
[WhiteTeamCountry "RUS"]
[BlackTeamCountry "RUS"]

1. e4 e5 2. Nf3 Nc6 3. d4 exd4 4. Nxd4 Bc5 5. Nxc6 Qf6 6. Qd2 dxc6 7. Nc3 Be6 8. Na4 Rd8 9. Bd3 Bd4 10. c3 Bxf2+ 11. Qxf2 Rxd3 12. Qxf6 Nxf6 13. Nc5 Rd8 14. Nxb7 Rb8 15. Nc5 Rb5 16. b4 Nxe4 17. a4 Rxc5 18. bxc5 Bc4 19. Be3 0-0 20. Bd4 Rb8 21. 0-0-0 Be2 22. Rhe1 Bxd1 23. Rxe4 Bb3 24. Rg4 g6 25. Bf6 Bd5 26. g3 Re8 27. Rb4 h6 28. h4 Kh7 29. Rb7 g5 30. hxg5 Kg6 31. Rxc7 hxg5 32. Re7 Rb8 33. Be5 Rb3 34. Rxa7 Kf5 35. Bd6 Ke4 36. Kc2 Ra3 37. Re7+ Be6 38. Rc7 Kd5 39. Ra7 Kc4 40. a5 Ra2+ 41. Kd1 Kd3 42. Ke1 Bh3 43. g4 Re2+ 44. Kd1 Bxg4 45. Kc1 Kxc3 46. Re7 Be6 47. Kd1 Ra2 48. Ra7 Bc4 49. Ke1 f5 50. Rg7 g4 51. Rh7 Re2+ 52. Kd1 Re4 53. Re7 Rxe7 54. Bxe7 Kd3 55. Ke1 Ke3 56. Bh4 f4 57. Bf2+ Kf3 58. Bd4 Kg2 0-1